000 00452nam a2200157 i 4500
001 77411
003 ES-MaACL
005 20230906173207.0
007 t|
008 031027s1965 xxu ||||1| eng d
100 1 _aHammer, Louis Z.
_961676
245 1 0 _aValue and man
_b: readings in philosophy /
_cLouis Z. Hammer.
260 _aNew York :
_bMcGraw-Hill Book Co.,
_c[1966]
300 _aXIV, 445 p. ;
_c26 cm.
852 _aES-MaACL
_jC-56319
_bR.89087
999 _c77411
_d77411